Statistics for Smallest Numbers by Number of Letters

Click here to take the quiz!

General Stats

  • This quiz has been taken 29 times
    (17 since last reset)
  • The average score is 14 of 28

Answer Stats

Number of lettersNumber% Correct
3One
100%
4Zero
100%
6Eleven
86%
7Fifteen
86%
9Seventeen
86%
8Thirteen
86%
5Three
86%
10Twenty four
86%
11Twenty three
86%
17One hundred and four
71%
16One hundred and one
71%
18One hundred and three
71%
12Seventy three
71%
19One hundred and eleven
43%
20One hundred and fifteen
43%
13Three thousand
43%
22One hundred and seventeen
29%
25One hundred and seventy three
29%
21One hundred and thirteen
29%
23One hundred and twenty four
29%
24One hundred and twenty three
29%
29Eleven thousand and seventy three
14%
27Three hundred and seventy three
14%
28Three thousand and seventy three
14%
14Eleven thousand
0%
15Fifteen thousand
0%
30Fifteen thousand and seventy three
0%
26Three hundred and twenty three
0%

Score Distribution

Percentile by Number Answered

Percent of People with Each Score

Your Score History

You have not taken this quiz since the last reset